Central Library OPAC University of Rajshahi

Concepts of nuclear physics / (Record no. 9456)

MARC details
000 -LEADER
fixed length control field 00764nam a2200253 a 4500
001 - CONTROL NUMBER
control field 9456
003 - CONTROL NUMBER IDENTIFIER
rucl marc code BD-RjUL
005 - DATE AND TIME OF LATEST TRANSACTION
control field 20211208234800.0
008 - FIXED-LENGTH DATA ELEMENTS--GENERAL INFORMATION
fixed length control field 210114r19851971ii a b 001 0 eng
020 ## - INTERNATIONAL STANDARD BOOK NUMBER
International Standard Book Number 0070115567
035 ## - SYSTEM CONTROL NUMBER
System control number (BD-RjUL)9501
040 ## - CATALOGING SOURCE
Original cataloging agency DLC
Transcribing agency DLC
Modifying agency DLC
-- BD-RjUL
Language of cataloging eng
041 ## - LANGUAGE CODE
Language code of text/sound track or separate title eng
082 00 - DEWEY DECIMAL CLASSIFICATION NUMBER
Classification number 539.7
Edition number 23
Author mark and year COC 1985
100 1# - MAIN ENTRY--PERSONAL NAME
Personal name Cohen, Bernard L.
Dates associated with a name 1924-
Fuller form of name (Bernard Leonard)
9 (RLIN) 29295
245 10 - TITLE STATEMENT
Title Concepts of nuclear physics /
Statement of responsibility, etc. [by] Bernard L. Cohen.
250 ## - EDITION STATEMENT
Edition statement T M H ed.
260 ## - PUBLICATION, DISTRIBUTION, ETC. (IMPRINT)
Place of publication, distribution, etc. New Delhi ;
-- New York :
Name of publisher, distributor, etc. McGraw-Hill,
Date of publication, distribution, etc. c1971 [Reprinted 1981, 1985].
300 ## - PHYSICAL DESCRIPTION
Pagination xii, 435 p. :
Illustrations ill. ;
Size 23 cm.
504 ## - BIBLIOGRAPHY, ETC. NOTE
Bibliography, etc Includes bibliography and index.
650 #0 - SUBJECT ADDED ENTRY--TOPICAL TERM
Topical term or geographic name as entry element Nuclear physics.
9 (RLIN) 29296
942 ## - ADDED ENTRY ELEMENTS (KOHA)
Source of classification or shelving scheme Dewey Decimal Classification
Koha item type Books
Holdings
Lost status Source of classification or shelving scheme Damaged status Not for loan Collection code Permanent Location Current Location Shelving location Date acquired Source of acquisition Cost, normal purchase price Total Checkouts Full call number Date last seen Copy number Koha item type
  Dewey Decimal Classification     Non-fiction Central Library, University of Rajshahi Central Library, University of Rajshahi   22/06/1986 Karim International. 57.00   539.7 COC 1985 21/01/2014 C-9 Books
  Dewey Decimal Classification     Non-fiction Central Library, University of Rajshahi Central Library, University of Rajshahi   19/05/1983 Heffer and Sons 5.75   539.7 COC 1981 23/01/2014 C-6 Books
  Dewey Decimal Classification   Not For Loan Non-fiction Central Library, University of Rajshahi Central Library, University of Rajshahi Reading Room 22/06/1986 Karim International. 57.00   539.7 COC 1978 23/03/2017 C-1 Books
  Dewey Decimal Classification     Non-fiction Central Library, University of Rajshahi Central Library, University of Rajshahi   22/06/1982 Karim International 57.00   539.7 COC 1985 11/05/2017 C-2 Books
  Dewey Decimal Classification     Non-fiction Central Library, University of Rajshahi Central Library, University of Rajshahi   22/06/1982 Karim International 57.00   539.7 COC 1985 11/05/2017 C-3 Books
  Dewey Decimal Classification     Non-fiction Central Library, University of Rajshahi Central Library, University of Rajshahi   19/09/1981 India Int. Cal. 34.50   539.7 COC 1981 11/05/2017 C-5 Books
  Dewey Decimal Classification     Non-fiction Central Library, University of Rajshahi Central Library, University of Rajshahi   19/09/1981 India Int. Cal. 34.50   539.7 COC 1981 11/05/2017 C-7 Books
  Dewey Decimal Classification     Non-fiction Central Library, University of Rajshahi Central Library, University of Rajshahi   19/05/1983 Heffers 5.75   539.7 COC 1981 11/05/2017 C-8 Books
  Dewey Decimal Classification     Non-fiction Central Library, University of Rajshahi Central Library, University of Rajshahi   27/02/1979 India Int. Calcutta 27.00   539.7 COC 1978 25/05/2017 C-10 Books